LEADER 03051nam0 2200541 i 450 001 BVEE013452 005 20170908093158.0 012 $aumex r.ne ona- seau (3) 1573 (R)$2fei 100 $a20120622d1573 ||||0itac50 ba 101 | $alat 102 $ach 181 1$6z01$ai $bxxxe 182 1$6z01$an 200 1 $a˜Plutarchi Chaeronei œEthica, siue Moralia, opera quae extant, omnia: interprete Hermanno Cruserio I.C. atque illustrissimi ducis cliuensis & iuliacensis consiliario. Accesserunt rerum & verborum fidelissimi indices 210 $aBasileae$capud Thomam Guarinum$d1573$eBasileae$gapud Thomam Guarinum$h1573 215 $a[12], 839, [49] p.$d2º 300 $aMarca (J204) sul front. e in fine 300 $aCors. ; rom 300 $aSegn.: a⁶ A-2Z⁶ 2A-3E⁶ 300 $aIniziali xil. 316 $a1 v. - timbri Biblioteca provinciale e Collegio militare$5IT-NA0079, F.NUNZ. A 2 1 316 $a1 esemplare restaurato$5IT-NA0070, Z.D. 0277 316 $a1 v. (Sul front. nota di possesso: Coll. Cler. reg. S. Pauli Bonen.)$5IT-NA0085, F. ANTICO SEC. 16. 0068 317 $aPossessore: *Biblioteca Provinciale . $5IT-NA0079 F.NUNZ. A 2 1 317 $aProvenienza: *Collegio militare . $5IT-NA0079 F.NUNZ. A 2 1 500 10$aMoralia$3BVEE006601$9CFIV005487$914074 620 $dBasilea$3BVEL000292 700 0$aPlutarchus$3CFIV005487$4070$0439241 702 1$aCruser$b, Hermann$f <1510-1573>$3BVEV023172 712 02$aGuarin, Thomas$3BVEV016964$4650 712 02$aBiblioteca Provinciale$c $3NAPP000540$4390$5IT-NA0079 F.NUNZ. A 2 1 712 02$aCollegio militare$c $3NAPP001060$4320$5IT-NA0079 F.NUNZ. A 2 1 790 0$aPloytarchoy$3CFIV259063$zPlutarchus 790 0$aPlutarque$3CFIV259064$zPlutarchus 790 0$aPlutarch$3CFIV259065$zPlutarchus 790 0$aPlutarth$3CFIV259066$zPlutarchus 790 0$aPlutarco$3CFIV259071$zPlutarchus 790 0$aPloutarkhos$3SBNV036198$zPlutarchus 801 3$aIT$bIT-NA0079$c20120622 850 $aIT-NA0079$aIT-NA0070$aIT-NA0085 912 $aBVEE013452 921 $aBVEM001161$bIn cornice: Palma con frutti. Ai lati del tronco Palma Guari.$cJ204$dSul front. e in fine. 950 0$aBiblioteca Nazionale Vittorio Emanuele III$c1 v.$d BNF.NUNZ. A 2 1$e BN 0006670285 G 1 v. - timbri Biblioteca provinciale e Collegio militare$fC $h19571231$i19571231$ltimbri Biblioteca provinciale e Collegio militare$mTimbri di enti laici e persone 950 0$aBiblioteca Universitaria$b1 esemplare$d BUZ.D. 0277$e BUSI 0000242335 B 1 esemplare restaurato$fZ $h20120622$i20120622 950 0$aEmeroteca Biblioteca Tucci$d TUF. ANTICO SEC. 16. 0068$e TU 0000000745 B 1 v. (Sul front. nota di possesso: Coll. Cler. reg. S. Pauli Bonen.)$fZ $h20150402$i20150402 977 $a BN$a BU$a TU 996 $aMoralia$914074 997 $aUNISANNIO LEADER 01038nam0 2200289 450 001 000038147 005 20140901122446.0 100 $a20140901d1988----km-y0itaa50------ba 101 0 $aita 102 $aIT 200 1 $aFavole della vita$euna scelta dagli scritti$fPeter Altenberg$gedizione a cura di Giuseppe Farese 205 $a2. ed 210 $aMilano$cAdelphi$d1988 215 $a412 p.$d22 cm 225 2 $aBiblioteca Adelphi$v108 410 0$12001$aBiblioteca Adelphi$v108 676 $a838.91208$v(22. ed.)$9Scritti miscellanei tedeschi. 1945-1990. Letteratura in prosa 700 1$aAltenberg,$bPeter$0447284 702 1$aFarese,$bGiuseppe 801 0$aIT$bUniversit della Basilicata - B.I.A.$gREICAT$2unimarc 912 $a000038147 996 $aFavole della vita$999605 997 $aUNIBAS BAS $aLETTERE CAT $aEXT016$b01$c20140901$lBAS01$h1224 FMT Z30 -1$lBAS01$LBAS01$mBOOK$1BASA1$APolo Storico-Umanistico$2DSLF$BCollezione DiSLF$3DF/E1235$61955$5F1955$820140901$f04$FPrestabile Didattica